Culture Générale - Série 1902 - Statistiques

Statistiques générales
  • Ce quiz a été pris 97 fois
  • Le résultat moyen est 4 sur 10
Statistiques - réponses
Question Réponse % Correct
Quelle fleur est le symbole de la pureté ? lys
81%
Dans quel département français se trouve la ville de Foix ? Ariège
75%
Quel est le chef-lieu du département de l'Aude ? Carcassonne
70%
Complétez le titre du livre de la comtesse de Ségur : "mémoires d'un .... âne
57%
Galette épaisse, sorte de crêpe de grande taille, souvent servie en relation avec un rituel ou des fêtes religieuses. blini
31%
Dans quel pays européen se trouve la ville d'Olen ? Belgique
30%
Quel animal est le "céraste" ? serpent
11%
Dans une chanson paillarde, de quelle ville est l'artilleur ? Metz
10%
Quel est le nom de plume de l'écrivain Ricardo Eliécer Neftalí Reyes-Basoalto ? Pablo Neruda
9%
La saxifrage est une fleur des montagnes appelée également " perce-.... voir photo pierre
3%
Aucun quiz correspondant
Distribution des résultats
% des personnes avec chaque résultat
Percentile par nombre de réponses
Votre historique - résultats
Vous n’avez pas pris ce quiz